| 000 | 00584nam a2200145Ia 4500 | ||
|---|---|---|---|
| 008 | 230917s9999||||xx |||||||||||||| ||und|| | ||
| 040 |
_e84259 _aMAIN |
||
| 041 | _aEnglish | ||
| 082 | _a371.3028 B469M | ||
| 100 | _aBhatt, B D | ||
| 245 | 0 | _aModern encyclopaedia of educational technology, v1-educational technology: its meaning and scope, v2-educational technology:audio-visula aids and films, v3-educational technology:educational broadcasting and use of television, v4-educational technology:use of computers | |
| 260 |
_aDelhi _bKanishka _c1994 |
||
| 300 | _a243 p. | ||
| 942 | _cBK | ||
| 999 |
_c82985 _d82985 |
||